000 00263nam a2200109Ia 4500
008 200302s9999 xx 000 0 und d
100 _aSam Lubell
245 _aParis 2000 + New Architecture
260 _bThe Monacelli Press Inc.
260 _c2007
300 _a216 P
999 _c4796
_d4796